000 00512nam a2200193Ia 4500
005 20250508151125.0
008 008 250505s9999 xx 000 0 eng d
037 _aTextual
040 _aFEDL
_beng
_cFEDL
041 _aeng
_2eng
084 _a370.954, RAJ
_qFEDL
100 _aC Kunhan Raja
_9197752
245 0 _aSome aspects of education in ancient India
260 _c1950
300 _aviii,111p.
650 _aEducation
942 _cTEXL
_h370.954, RAJ
999 _c1327731
_d1327731